Diagnósticos enfermeros : (Registro nro. 21808)

Detalles MARC
000 -LEADER
fixed length control field 01594nam a22002537a 4500
001 - CONTROL NUMBER
control field 021622
003 - CONTROL NUMBER IDENTIFIER
control field DO-CoUTE
005 - DATE AND TIME OF LATEST TRANSACTION
control field 20260204212650.0
008 - FIXED-LENGTH DATA ELEMENTS--GENERAL INFORMATION
fixed length control field 220803b dr ||||| |||| 00| 0 spa d
020 ## - INTERNATIONAL STANDARD BOOK NUMBER
International Standard Book Number 978-84-1382-1276
040 ## - CATALOGING SOURCE
Original cataloging agency DO-CoUTE
Language of cataloging spa
Transcribing agency DO-CoUTE
082 ## - DEWEY DECIMAL CLASSIFICATION NUMBER
Edition number 22
Classification number 610.73 N176d
Item number 2021
110 ## - MAIN ENTRY--CORPORATE NAME
Corporate name or jurisdiction name as entry element Nanda International
Relator term autor
245 1# - TITLE STATEMENT
Title Diagnósticos enfermeros :
Remainder of title definiciones y clasificación 2021-2023 /
Statement of responsibility, etc. Nanda International ; editor T. Heather Herdman
250 ## - EDITION STATEMENT
Edition statement doceava edición
260 ## - PUBLICATION, DISTRIBUTION, ETC.
Place of publication, distribution, etc. Barcelona, España :
Name of publisher, distributor, etc. ELSEVIER,
Date of publication, distribution, etc. 2021
300 ## - PHYSICAL DESCRIPTION
Extent 612 páginas :
Other physical details Imagenes ;
Dimensions 24cm.
504 ## - BIBLIOGRAPHY, ETC. NOTE
Bibliography, etc. note Incluye referencias bibliográficas e índice
520 ## - SUMMARY, ETC.
Summary, etc. Completamente actualizada y revisada por las editoras T. Heather Herdman, Shigemi Kamitsuru y Camila Takáo Lopes, Diagnósticos enfermeros. Definiciones y clasificación 2021-2023, 12.ª ed., es la guía definitiva de los diagnósticos enfermeros, revisados y aprobados por el Diagnosis Development Committee (DDC) de NANDA-I. En la nueva edición de esta obra fundamental, las editoras han actualizado todos los capítulos introductorios, proporcionando la información clave que las enfermeras/os necesitan para entender el proceso de valoración y su relación con el diagnóstico y el pensamiento crítico, así como el propósito y la utilidad de la estructura taxonómica para los cuidados enfermeros a la cabecera del paciente.
650 #7 - SUBJECT ADDED ENTRY--TOPICAL TERM
Source of heading or term LEMB
Topical term or geographic name entry element Diagnostico de enfermería
700 1# - ADDED ENTRY--PERSONAL NAME
Personal name Kamitsuru, Shigemi
Relator term editor
700 1# - ADDED ENTRY--PERSONAL NAME
Personal name Takao López, Camila
Relator term editor
942 ## - ADDED ENTRY ELEMENTS (KOHA)
Source of classification or shelving scheme Dewey Decimal Classification
Koha item type Libros
Existencias
Withdrawn status Lost status Source of classification or shelving scheme Damaged status Not for loan Collection code Home library Current library Shelving location Date acquired Inventory number Total Checkouts Full call number Barcode Date last seen Copy number Price effective from Koha item type
    Dewey Decimal Classification     Colección General Biblioteca UTECO Biblioteca UTECO En Estantería 08/03/2022 021623   610.73 N176d 2021 021623 08/03/2022 Ej.1 08/03/2022 Libros
© 2021 Derechos Reservados UTECO - Teléfono: +1 809-585-2291 - Correo electrónico: biblioteca@uteco.edu.do​  
Código postal 43000 ​​
Dirección: Avenida Universitaria No. 100, 
Cotuí, Provincia Sánchez Ramírez, República Dominicana - RNC: 404-00059-6